<?xml version="1.0" encoding="UTF-8"?>
<marc:record xmlns:marc="http://www.loc.gov/MARC21/slim">
   <marc:leader>00000nam a2200000 a 4500</marc:leader>
   <marc:datafield ind1="1" ind2=" " tag="100">
      <marc:subfield code="a">Kling, Marc-Uwe [Verf.]</marc:subfield>
      <marc:subfield code="4">aut</marc:subfield>
      <marc:subfield code="e">Verfasser/-in</marc:subfield>
   </marc:datafield>
   <marc:datafield ind1=" " ind2=" " tag="653">
      <marc:subfield code="a">Recherchen</marc:subfield>
   </marc:datafield>
   <marc:datafield ind1="0" ind2="0" tag="245">
      <marc:subfield code="a">Views</marc:subfield>
   </marc:datafield>
   <marc:datafield ind1="0" ind2="0" tag="245">
      <marc:subfield code="b">Roman</marc:subfield>
   </marc:datafield>
   <marc:datafield ind1="0" ind2="0" tag="245">
      <marc:subfield code="c">Marc-Uwe Kling</marc:subfield>
   </marc:datafield>
   <marc:datafield ind1=" " ind2="1" tag="264">
      <marc:subfield code="a">München</marc:subfield>
      <marc:subfield code="b">Ullstein</marc:subfield>
      <marc:subfield code="c">2024</marc:subfield>
   </marc:datafield>
   <marc:datafield ind1=" " ind2=" " tag="250">
      <marc:subfield code="a">5. Auflage</marc:subfield>
   </marc:datafield>
   <marc:datafield ind1="1" ind2=" " tag="520">
      <marc:subfield code="a">Die 16-jährige Lena Palmer verschwindet spurlos. Drei Tage später taucht sie in einem verstörend brutalen Video wieder auf, welches in atemberaubendem Tempo viral geht. BKA-Kommissarin Yasira Saad soll Lena finden und die Täter identifizieren. Ihr bleibt wenig Zeit, denn schon gibt es erste gewalttätige Demonstrationen in deutschen Städten. Eine rechtsradikale Gruppierung namens "Aktiver Heimatschutz" gewinnt rasant an Zulauf. Kann Yasira die Täter verhaften, bevor der Lynchmob zuschlägt und der Rechtsstaat zu wanken beginnt? Der Roman &amp;#x201e;geradlinig erzählte Unterhaltung mit politischem Bezug und mit teilweise ziemlich gewaltvollen Szenen. Es lässt sich problemlos ohne Kenntnis des Känguru-Kosmos' lesen. Aber wer die verschiedenen Seiten des Marc-Uwe Kling kennt, hat einen sehr interessanten, zusätzlichen Aha-Effekt&amp;#x201c; (ndr.de)</marc:subfield>
   </marc:datafield>
   <marc:datafield ind1=" " ind2=" " tag="020">
      <marc:subfield code="a">9783550202995</marc:subfield>
      <marc:subfield code="9">9783550202995</marc:subfield>
   </marc:datafield>
   <marc:datafield ind1=" " ind2=" " tag="020">
      <marc:subfield code="a">3550202997</marc:subfield>
      <marc:subfield code="9">3550202997</marc:subfield>
   </marc:datafield>
   <marc:datafield ind1="3" ind2=" " tag="024">
      <marc:subfield code="a">9783550202995</marc:subfield>
   </marc:datafield>
   <marc:datafield ind1=" " ind2=" " tag="542">
      <marc:subfield code="d">Ullstein Buchverlage GmbH ::[Verlag]::</marc:subfield>
   </marc:datafield>
   <marc:datafield ind1=" " ind2=" " tag="300">
      <marc:subfield code="a">269 Seiten</marc:subfield>
   </marc:datafield>
</marc:record>
